| 000 | 00338nam a2200133Ia 4500 | ||
|---|---|---|---|
| 008 | 150201s2007 xx 000 0 und d | ||
| 082 |
_a616.0757 _bC07M |
||
| 100 | _aMISRA, U.K. | ||
| 245 | _aCLINICAL ELECTROENCEPHALOGRAPHY | ||
| 260 |
_bELSEVIER _aDELHI _c2007 |
||
| 300 | _a1-404 | ||
| 650 | _aRADIOLOGY & DIAGNOSIS | ||
| 942 |
_2ddc _cBK _05 |
||
| 999 |
_c1298 _d1298 |
||